La Llibertat de la ciutat / Ken Worpole i Liz Greenhalgh (Demos)
Publicado:
[Barcelona] :
Diputació de Barcelona. Àrea de Règim Interior, Hisenda i Planificació. Servei de Formació Local ; Pla de formació municipal ,
2000
Descripción Física:
59 p. ; 21 cm
Colección:
Perspectiva
; 14
Otros Autores:
Greenhalgh, Liz
Materias:
Gran Bretanya -- Política urbana
MARC
| LEADER | 00000nam a2200000Ia 4500 | ||
|---|---|---|---|
| 001 | 12749 | ||
| 008 | 160829s2000 xx 000 0 cat d | ||
| 080 | |a H-1-279 | ||
| 100 | 1 | |a Worpole, Ken |9 35147 | |
| 245 | 1 | 3 | |a La Llibertat de la ciutat / Ken Worpole i Liz Greenhalgh (Demos) |
| 260 | |a [Barcelona] : |b Diputació de Barcelona. Àrea de Règim Interior, Hisenda i Planificació. Servei de Formació Local ; Pla de formació municipal, |c 2000 | ||
| 300 | |a 59 p. ; |c 21 cm | ||
| 490 | |a Perspectiva ; |v 14 | ||
| 590 | |a Publicat originalment l'any 1996 per Demos | ||
| 651 | 0 | |a Gran Bretanya |x Política urbana |9 55190 | |
| 700 | |a Greenhalgh, Liz |9 35149 | ||
| 710 | |a Barcelona (Catalunya : Província). |b Servei de Formació Local |9 53659 | ||
| 901 | |a Arxiu | ||
| 942 | |n 1 |2 udc | ||
| 952 | |0 0 |1 0 |4 0 |6 H1279 |7 1 |9 46787 |a Arxiu |b Arxiu |d 2016-12-01 |l 0 |o H-1-279 |p 12749 |r 2016-12-01 00:00:00 |w 2016-12-01 |y ARXIU | ||
| 952 | |0 0 |1 0 |4 0 |6 PDL |7 1 |9 63582 |a Arxiu |b Arxiu |d 2022-08-30 |l 0 |o PDL |p 26572 |r 2022-08-30 00:00:00 |w 2022-08-30 |y ARXIU | ||
| 999 | |c 50580 |d 50580 | ||